[Event "34th Olympiad Women"]
[Site "Istanbul TUR"]
[Date "2000.10.28"]
[Round "1"]
[White "Hoang Thanh Trang"]
[Black "Cast,A"]
[Result "1-0"]
[WhiteElo "2489"]
[BlackElo "2114"]

1.d4 d5 2.c4 c6 3.Nc3 Nf6 4.e3 e6 5.Nf3 Be7 6.Qc2 O-O 7.b3 Re8 8.Be2 c5 9.dxc5 Bxc5
10.O-O dxc4 11.Bxc4 Nc6 12.Rd1 Qe7 13.Bb2 h6 14.a3 e5 15.Nd5 Nxd5 16.Bxd5 Bg4
17.h3 Bh5 18.g4 e4 19.Qc3 Qf6 20.Qxf6 gxf6 21.Nh4 Bxg4 22.hxg4 Ne5 23.b4  1-0

[Event "4th OIBM"]
[Site "Bad Wiessee GER"]
[Date "2000.10.29"]
[Round "2"]
[White "Farago,I"]
[Black "Stanetzek,C"]
[Result "1/2-1/2"]
[WhiteElo "2486"]
[BlackElo "2168"]

1.d4 d5 2.c4 e6 3.Nc3 Nf6 4.Nf3 c6 5.e3 Ne4 6.Bd3 f5 7.Ne5 Qh4 8.O-O Nd7
9.cxd5 exd5 10.f3 Nxe5 11.dxe5 Nxc3 12.bxc3 Bc5 13.f4 Be6 14.Rb1 b5 15.Rb2 O-O
16.g3 Qe7 17.Rg2 a5 18.g4 fxg4 19.Qc2 h5 20.Kh1 Ra7 21.Bh7+ Kh8 22.Bg6 Bf7  1/2-1/2

[Event "34th Olympiad Women"]
[Site "Istanbul TUR"]
[Date "2000.10.29"]
[Round "2"]
[White "Medic,Mir"]
[Black "Galliamova,A"]
[Result "0-1"]
[WhiteElo "2294"]
[BlackElo "2526"]

1.d4 d5 2.c4 c6 3.e3 Nf6 4.Nc3 e6 5.Nf3 Nbd7 6.Qc2 Bd6 7.Bd3 O-O 8.O-O dxc4
9.Bxc4 a6 10.Bd3 c5 11.a4 Rb8 12.Rd1 h6 13.h3 Qe7 14.e4 cxd4 15.Nxd4 Ne5
16.Be2 Bd7 17.Be3 Nc6 18.Nb3 Rfc8 19.Rac1 Be8 20.Qb1 Qc7 21.Nd4 Bh2+ 22.Kh1 Bf4
23.Bxf4 Qxf4 24.Kg1 Nxe4 25.Nf3 Nxc3 26.Rxc3 Qxa4 27.Rc4 Qa5 28.Qe4 Rd8 29.Bd3 Qf5
30.Qe3 Qf6 31.b4 Ne7 32.Ne5 Nf5 33.Qe2 Rd5 34.Ng4 Qd8 35.Rc5 Rxc5 36.bxc5 Qd5
37.Bxf5 Qxf5 38.Ne5 Rc8 39.Qe3 a5 40.Rd4 Rxc5  0-1

[Event "34th Olympiad"]
[Site "Istanbul TUR"]
[Date "2000.10.30"]
[Round "3"]
[White "Bastidas Rodriguez,E"]
[Black "Godena,M"]
[Result "0-1"]
[WhiteElo "2334"]
[BlackElo "2485"]

1.d4 d5 2.c4 e6 3.Nf3 Nf6 4.Nc3 c6 5.e3 Nbd7 6.Qc2 Bd6 7.g4 dxc4 8.Bxc4 Nd5
9.e4 Nxc3 10.bxc3 e5 11.Ng5 O-O 12.f4 Nb6 13.Bb3 Be7 14.h4 exd4 15.e5 d3
16.Qg2 Nd5 17.Bd2 f6 18.exf6 Bxf6 19.O-O-O Qa5 20.Qe4 g6 21.Nxh7 Bxc3 22.Qxg6+ Kh8
23.Bxc3+ Qxc3+ 24.Kb1 Rg8 25.Qh6 Qg7 26.Qxg7+ Rxg7 27.Ng5 Bxg4 28.Rd2 Nxf4
29.Rf1 Nh3 30.Rxd3 Be2 31.Rd6 Nxg5 32.Re1 Re8 33.hxg5 Bd3+ 34.Rxd3 Rxe1+
35.Kb2 Rxg5 36.Rd8+ Kh7 37.Bc2+ Kg7 38.Rd7+ Kf6 39.Rxb7 Rb5+  0-1

[Event "34th Olympiad"]
[Site "Istanbul TUR"]
[Date "2000.10.30"]
[Round "3"]
[White "Yrjola,J"]
[Black "Nogueiras,J"]
[Result "1/2-1/2"]
[WhiteElo "2442"]
[BlackElo "2552"]

1.d4 d5 2.c4 c6 3.Nc3 e6 4.e3 Nf6 5.Nf3 Nbd7 6.Bd3 dxc4 7.Bxc4 b5 8.Be2 Bb7
9.O-O b4 10.Na4 Be7 11.a3 a5 12.Qc2 O-O 13.axb4 axb4 14.Bd2 Qa5 15.Rfc1 Rfc8
16.Qd1 Qd8 17.Be1  1/2-1/2

[Event "34th Olympiad"]
[Site "Istanbul TUR"]
[Date "2000.10.30"]
[Round "3"]
[White "Gonzalez Garcia,J"]
[Black "Handoko,E"]
[Result "1/2-1/2"]
[WhiteElo "2440"]
[BlackElo "2435"]

1.d4 d5 2.c4 c6 3.Nf3 Nf6 4.Nc3 e6 5.e3 Nbd7 6.Bd3 Bd6 7.e4 dxe4 8.Nxe4 Nxe4
9.Bxe4 O-O 10.O-O h6 11.Bc2 c5 12.dxc5  1/2-1/2

[Event "34th Olympiad"]
[Site "Istanbul TUR"]
[Date "2000.10.31"]
[Round "4"]
[White "Comas Fabrego,L"]
[Black "Nadera,B"]
[Result "1-0"]
[WhiteElo "2516"]
[BlackElo "2403"]

1.d4 e6 2.c4 d5 3.Nc3 c6 4.e3 Nf6 5.Nf3 Nbd7 6.Bd3 dxc4 7.Bxc4 b5 8.Be2 Bb7
9.O-O a6 10.e4 c5 11.e5 Nd5 12.a4 b4 13.Ne4 h6 14.Nfd2 Be7 15.Nc4 O-O 16.Ncd6 Bxd6
17.Nxd6 Bc6 18.Qd3 Qh4 19.f4 cxd4 20.Bd2 N7b6 21.a5 Nc8 22.Qxd4 Nxd6 23.exd6 Rfb8
24.Rfc1 Bb7 25.Bf3 Rd8 26.Be1 Qf6 27.Qxf6 gxf6 28.Bxd5 Bxd5 29.Bxb4 Rab8
30.Ba3 Kg7 31.Rc7 Rb3 32.Rd1 f5 33.Bc5 Kg6 34.Rd2 h5 35.d7 Kf6 36.Bb6 Ke7
37.Rc3 Rxb6 38.axb6 Kxd7 39.Rc7+ Kd6 40.Rxf7 Rb8 41.b7 h4 42.h3 a5 43.Rh7 a4
44.Kf2 Rg8 45.Rg7 Rb8 46.g3 hxg3+ 47.Kxg3 e5 48.h4 e4 49.h5 e3 50.Rd3 Re8
51.Rd1 e2 52.Re1 Re3+ 53.Kh4 Rb3 54.h6  1-0

[Event "34th Olympiad"]
[Site "Istanbul TUR"]
[Date "2000.10.31"]
[Round "4"]
[White "Avrukh,B"]
[Black "Vera,R"]
[Result "1-0"]
[WhiteElo "2625"]
[BlackElo "2584"]

1.d4 d5 2.c4 e6 3.Nc3 c6 4.Nf3 Nf6 5.e3 Nbd7 6.Bd3 dxc4 7.Bxc4 b5 8.Bd3 b4
9.Ne4 Bb7 10.O-O Be7 11.Nxf6+ Nxf6 12.e4 O-O 13.e5 Nd7 14.Be4 Rb8 15.a3 bxa3
16.b4 h6 17.Bb1 Re8 18.Qd3 Nf8 19.Bxa3 Qb6 20.Qc3 Ba8 21.Be4 Bxb4 22.Bxb4 Qxb4
23.Qxb4 Rxb4 24.Rxa7 Rc8 25.Rc1 Bb7 26.Kf1 g5 27.Ke1 Ra8 28.Rxa8 Bxa8 29.h3 Nd7
30.Ra1 Bb7 31.Ra7 Kf8 32.Kd2 Ke7 33.Kc3 Rb6 34.Nd2 Bc8 35.Nc4 Rb8 36.Nd6 f6
37.Bxc6 fxe5 38.Nxc8+ Rxc8 39.Rxd7+ Kf6 40.Rd6  1-0

[Event "34th Olympiad"]
[Site "Istanbul TUR"]
[Date "2000.10.31"]
[Round "4"]
[White "Rama,L"]
[Black "Pavasovic,D"]
[Result "1/2-1/2"]
[WhiteElo "2316"]
[BlackElo "2523"]

1.c4 e6 2.Nc3 d5 3.d4 c6 4.e3 Nf6 5.Nf3 Nbd7 6.Qc2 Bd6 7.b3 O-O 8.Be2 a6
9.O-O e5 10.cxd5 cxd5 11.dxe5 Nxe5 12.Bb2 Be6 13.Rfc1 Rc8 14.Qd1 Qe7 15.Na4 Nxf3+
16.Bxf3 b5 17.Nb6 Rc5 18.Rxc5 Bxc5 19.Bxf6 Qxf6 20.Nxd5 Bxd5 21.Bxd5 Rd8
22.Rc1 Ba3 23.Rb1  1/2-1/2

[Event "34th Olympiad"]
[Site "Istanbul TUR"]
[Date "2000.10.31"]
[Round "4"]
[White "Dao Thien Hai"]
[Black "Turgut,T"]
[Result "1-0"]
[WhiteElo "2555"]
[BlackElo "2285"]

1.d4 d5 2.c4 e6 3.Nc3 c6 4.e3 Nf6 5.Nf3 Nbd7 6.Qc2 b6 7.b3 Bb7 8.Bb2 Be7
9.Bd3 O-O 10.O-O h6 11.Rad1 Qc7 12.Qe2 Rad8 13.Bb1 c5 14.Ne5 Ne4 15.Nb5 Qb8
16.Nxd7 Rxd7 17.dxc5 Nxc5 18.b4 Na6 19.a3 Rfd8 20.Qc2 Bf6 21.Bxf6 gxf6 22.cxd5 Rxd5
23.Rxd5 Bxd5 24.Nc3 f5 25.Nxd5 Rxd5 26.e4 fxe4 27.Qxe4 Qd6 28.Qh7+ Kf8 29.Qxh6+ Ke7
30.Qh4+ Ke8 31.Be4 Rd4 32.Qh8+ Ke7 33.Bf3 Nc7 34.h4 e5 35.Rc1 Ne6 36.Rc6 Rd1+
37.Kh2 Qd4 38.Bxd1 Qxf2 39.Qxe5 Qxh4+ 40.Kg1 Qe1+ 41.Qxe1  1-0

[Event "Chigorin Mem"]
[Site "St Petersburg RUS"]
[Date "2000.10.31"]
[Round "1"]
[White "Solozhenkin,E"]
[Black "Sinkevich,P"]
[Result "1/2-1/2"]
[WhiteElo "2504"]
[BlackElo "2312"]

1.d4 d5 2.c4 c6 3.Nf3 Nf6 4.Nc3 e6 5.e3 Nbd7 6.Qc2 Bd6 7.Bd3 O-O 8.O-O dxc4
9.Bxc4 b5 10.Be2 Bb7 11.e4 e5 12.dxe5 Nxe5 13.Nxe5 Bxe5 14.Bg5 Re8 15.Rad1 Qb8
16.Bxf6 Bxf6 17.f4 Bxc3 18.bxc3 c5 19.e5 c4 20.Bg4 Bc8 21.Bf3 Bb7 22.Bg4 Bc8
23.Bd7 Qb6+ 24.Qf2 Bxd7 25.Rxd7 Red8 26.Rfd1 Rxd7 27.Rxd7 Kf8 28.h3 Ke8 29.Rd4 a6
30.a4 Rd8 31.Rxd8+ Qxd8 32.axb5 axb5 33.Qc5 Qd1+ 34.Kh2 Qd7 35.Qb6 g6 36.Qf6 h5
37.Qh8+ Ke7 38.Qf6+ Ke8 39.Qh8+ Ke7 40.Qf6+ Ke8  1/2-1/2

[Event "Chigorin Mem"]
[Site "St Petersburg RUS"]
[Date "2000.10.31"]
[Round "1"]
[White "Ershova,S"]
[Black "Yagupov,I"]
[Result "1/2-1/2"]
[WhiteElo "2264"]
[BlackElo "2460"]

1.d4 d5 2.c4 c6 3.Nf3 Nf6 4.Nc3 e6 5.e3 Nbd7 6.Qc2 Bd6 7.Be2 O-O 8.O-O dxc4
9.Bxc4 a6 10.e4 e5 11.Be3 b5 12.Be2 Bb7 13.dxe5 Nxe5 14.Nxe5 Bxe5 15.Rad1 Qe7
16.f3 Rfe8 17.Nb1 Bd6 18.a4 Qc7 19.h3 Nh5 20.Bf2 Re6 21.Rfe1 Qe7 22.Bf1 Qg5
23.g4 Nf4 24.h4 Qe7 25.Nc3 h5 26.g5 f6 27.e5 Rxe5 28.Ne4 Bb4 29.gxf6 Qf7
30.Ng5 Rxg5+ 31.hxg5 Bxe1 32.Rxe1 gxf6 33.Qf5 fxg5 34.Qxg5+ Qg6 35.Qxg6+ Nxg6
36.Bd3 Nf4 37.Bf5 Rf8 38.Re5 Bc8 39.Bxc8 Rxc8 40.Bg3 Nd3 41.Rxh5 bxa4 42.Be5 Kf7
43.Bc3 c5 44.Rh6 Rg8+ 45.Kf1 Rg6 46.Rxg6 Kxg6 47.Ke2 Nb4 48.Be5 c4 49.Ke3 Kf5
50.Bh8 a3 51.bxa3 Nc2+ 52.Kd2 Nxa3 53.Kc3 a5 54.Bd4 Kf4 55.Bc5 Nb5+  1/2-1/2

[Event "34th Olympiad Women"]
[Site "Istanbul TUR"]
[Date "2000.11.01"]
[Round "5"]
[White "Ameen,SD"]
[Black "Krasser,M"]
[Result "0-1"]
[WhiteElo "2152"]
[BlackElo "2061"]

1.d4 d5 2.Nf3 Nf6 3.c4 c6 4.e3 e6 5.Nc3 Bd6 6.Bd3 Nbd7 7.O-O Qe7 8.Re1 dxc4
9.Bxc4 e5 10.Qc2 O-O 11.Bd2 e4 12.Ng5 Bxh2+ 13.Kf1 Nb6 14.Bb3 Bf5 15.g3 h6
16.Nf3 Bh3+ 17.Ke2 exf3+ 18.Kd1 Ng4 19.Ne4 Qxe4 20.Kc1 Nxf2 21.Qxe4 Nxe4
22.Rh1 Nxd2 23.Kxd2 f2 24.Rxh2 f1=Q 25.Rxf1 Bxf1 26.Rf2 Bc4 27.Bc2  0-1

[Event "34th Olympiad Women"]
[Site "Istanbul TUR"]
[Date "2000.11.01"]
[Round "5"]
[White "Aleksieva,S"]
[Black "Meenakshi,S"]
[Result "1-0"]
[WhiteElo "2351"]
[BlackElo "2226"]

1.d4 d5 2.c4 c6 3.e3 Nf6 4.Nc3 e6 5.Nf3 Nbd7 6.Bd3 dxc4 7.Bxc4 b5 8.Bd3 a6
9.e4 c5 10.e5 Nd5 11.Nxd5 exd5 12.O-O Qb6 13.Re1 Be7 14.Bg5 Bxg5 15.Nxg5 Nf8
16.e6 Bxe6 17.Qf3 Qb7 18.dxc5 h6 19.Nh3 Nd7 20.Rac1 Qc6 21.Nf4 O-O 22.Bb1 Rfe8
23.Nh5 g6 24.Qg3 Kf8 25.Nf4 Nf6 26.Bxg6 Ne4 27.Bxe4 dxe4 28.Qh4 Bxa2 29.Red1 Rac8
30.b4 Bb3 31.Rd2 e3 32.fxe3 Rxe3 33.Rf1 Bc4 34.Rd6 Qe4 35.Qxh6+ Kg8 36.Nh5  1-0

[Event "Chigorin Mem"]
[Site "St Petersburg RUS"]
[Date "2000.11.01"]
[Round "2"]
[White "Kruppa,Y"]
[Black "Somkin,E"]
[Result "1-0"]
[WhiteElo "2582"]
[BlackElo "2329"]

1.d4 d5 2.c4 c6 3.Nc3 Nf6 4.e3 e6 5.Nf3 Nbd7 6.Bd3 dxc4 7.Bxc4 b5 8.Bd3 a6
9.e4 c5 10.e5 cxd4 11.Nxb5 Nxe5 12.Nxe5 axb5 13.Bxb5+ Bd7 14.Nxd7 Qa5+ 15.Bd2 Qxb5
16.Nxf8 Nd5 17.Nxe6 fxe6 18.Qe2 Qa6 19.Qxa6 Rxa6 20.Ke2 Kd7 21.Rhb1 e5 22.Kd3 Rf8
23.f3 Rg6 24.Rg1 Rc8 25.Rae1 Kd6 26.Re2 Ra8 27.Ra1 Nb6 28.Bb4+ Ke6 29.f4 Nd7
30.Rae1 Kd5 31.a3 Re8 32.g3 Rh6 33.b3 Rh5 34.Re4 Re6 35.R1e2 g5 36.f5 Reh6
37.Rc2 Rc6 38.Rxc6 Kxc6 39.f6 Rxh2 40.f7 Rf2 41.f8=Q Nxf8 42.Rxe5 Ng6 43.Rxg5 Rf3+
44.Kc4 d3 45.a4 Re3 46.Bc3 Nf8 47.Bd2 Rf3 48.b4 Nd7 49.b5+ Kd6 50.a5 Nf6
51.a6 Ne4  1-0

[Event "Chigorin Mem"]
[Site "St Petersburg RUS"]
[Date "2000.11.01"]
[Round "2"]
[White "Pushkov,N"]
[Black "Tarasov,M"]
[Result "0-1"]
[WhiteElo "2546"]
[BlackElo "2335"]

1.d4 d5 2.c4 e6 3.Nc3 c6 4.e3 Nf6 5.Nf3 Nbd7 6.Bd3 Bd6 7.O-O O-O 8.e4 dxc4
9.Bxc4 e5 10.Bb3 exd4 11.Qxd4 Qe7 12.Bg5 Ne5 13.Nxe5 Bxe5 14.Qe3 h6 15.Bxf6 Qxf6
16.Rad1 Bg4 17.f3 Qh4 18.g3 Bxg3 19.Qe2 Bh3 20.hxg3 Qxg3+ 21.Kh1 Bxf1 22.Rxf1 Rad8
23.Qh2 Qxh2+ 24.Kxh2 Rd2+ 25.Kg3 Rfd8 26.e5 Rxb2 27.Ne4 Kf8 28.e6 f5 29.Nc5 Ke7
30.Nd7 b6 31.Kf4 Rxb3 32.axb3 Kxe6  0-1

[Event "Chigorin Mem"]
[Site "St Petersburg RUS"]
[Date "2000.11.01"]
[Round "2"]
[White "Shalimov,V UKR"]
[Black "Sveshnikov,E"]
[Result "1-0"]
[WhiteElo "2406"]
[BlackElo "2555"]

1.d4 Nf6 2.c4 e6 3.Nf3 d5 4.Nc3 c6 5.e3 Nbd7 6.Bd3 dxc4 7.Bxc4 b5 8.Bd3 b4
9.Ne4 Nxe4 10.Bxe4 Bb7 11.Qa4 Qb6 12.Bd2 Bd6 13.O-O O-O 14.Rfc1 Rfc8 15.Be1 a5
16.a3 Nf6 17.Nd2 Qc7 18.h3 e5 19.Bf3 exd4 20.exd4 Qb6 21.Nb3 Nd5 22.Nc5 Bxc5
23.dxc5 Qc7 24.axb4 axb4 25.Qb3 Qf4 26.Bxd5 cxd5 27.Qxb4 Qxb4 28.Bxb4 d4
29.Rxa8 Bxa8 30.Rc4 Kf8 31.Rxd4 Ke8 32.Ba5 Bc6 33.b4 Ba4 34.g4 Ke7 35.f3 Rc6
36.Kf2 Rh6 37.Kg3 Bd7 38.Bc7 Re6 39.Bd6+ Ke8 40.Kf2  1-0

[Event "34th Olympiad"]
[Site "Istanbul TUR"]
[Date "2000.11.02"]
[Round "6"]
[White "Hsu Li Yang"]
[Black "Villamayor,B"]
[Result "0-1"]
[WhiteElo "2440"]
[BlackElo "2495"]

1.d4 d5 2.c4 c6 3.Nf3 Nf6 4.Nc3 e6 5.e3 Nbd7 6.Bd3 dxc4 7.Bxc4 b5 8.Bd3 a6
9.O-O c5 10.a4 b4 11.Ne2 Bb7 12.Ng3 Be7 13.b3 cxd4 14.Nxd4 Nc5 15.Be2 Rc8
16.Bd2 Nce4 17.Nxe4 Nxe4 18.Rc1 O-O 19.Rc2 Qb6 20.Bc4 Rfd8 21.Qe2 Bf6 22.Nf3 Bc3
23.Rfc1 a5 24.Be1 Qc5 25.Bd3 Qh5 26.Ba6 Bxa6 27.Qxa6 Qd5 28.Bxc3 Rxc3 29.Rxc3 Nxc3
30.h4 Ra8  0-1

[Event "34th Olympiad"]
[Site "Istanbul TUR"]
[Date "2000.11.02"]
[Round "6"]
[White "Campos,E"]
[Black "Rodgaard,J"]
[Result "0-1"]
[WhiteElo "2238"]
[BlackElo "2351"]

1.d4 d5 2.c4 e6 3.Nc3 c6 4.e3 Nf6 5.Nf3 Nbd7 6.cxd5 exd5 7.Bd3 Bd6 8.O-O O-O
9.Rb1 a5 10.a3 Re8 11.b4 Qe7 12.Qb3 axb4 13.axb4 b5 14.Nd2 Nb6 15.e4 dxe4
16.Ndxe4 h6 17.Nxf6+ Qxf6 18.Ne4 Qe7 19.Qc3 Bf5 20.f3 Qd7 21.Bd2 Nd5 22.Qc2 Be6
23.Rfc1 Rec8 24.Nc5 Bxc5 25.Qxc5 Ra6 26.Ra1 Rca8 27.Rxa6 Rxa6 28.Bb1 Bf5
29.Be4 Be6 30.Be1 Ne7 31.Bh4 Nd5 32.Bg3 f6 33.Bd6 Kf7 34.f4 Bf5 35.Bf3 Bg4
36.Bxd5+ cxd5 37.Qxd5+ Kg6 38.Rc7 Qxd6 39.Qf7+ Kf5 40.Rc5+ Kxf4 41.g3+ Ke4
42.Qg6+ f5 43.Qe8+ Kxd4 44.Qe1 Ra3 45.Kg2 Re3 46.Qd2+ Rd3 47.Qe1 g5 48.Kf2 f4
49.Qa1+ Ke4 50.Qa8+ Rd5 51.Rc1 Be6 52.Qb7 Bd7 53.g4 Ke5 54.Qa8 Bxg4 55.Re1+ Kf5
56.Qc8+ Qd7 57.Qf8+ Kg6  0-1

[Event "Chigorin Mem"]
[Site "St Petersburg RUS"]
[Date "2000.11.02"]
[Round "3"]
[White "Zvezdov,N"]
[Black "Cistiakova,E"]
[Result "0-1"]
[WhiteElo "2285"]
[BlackElo "2098"]

1.d4 d5 2.c4 c6 3.e3 Nf6 4.Nc3 e6 5.Nf3 Nbd7 6.b3 Bd6 7.Bb2 O-O 8.Be2 b6
9.O-O Bb7 10.Qc2 dxc4 11.bxc4 c5 12.Rfd1 cxd4 13.exd4 a6 14.a4 Rc8 15.Qb3 Qc7
16.h3 Nh5 17.a5 Nf4 18.Bf1 Nxh3+ 19.gxh3 Bxf3 20.Bd3 Bh2+ 21.Kf1 Bxd1 22.Qxd1 Nf6
23.Kg2 Bf4 24.axb6 Qxb6 25.Na4 Qb7+ 26.Kg1 Rfd8 27.Qe2 Rb8 28.d5 e5 29.Bc3 Qd7
30.Kg2 Qd6 31.Qa2 e4 32.Bxf6 Qxf6 33.Bxe4 Qd4 34.Bf3 Rb4 35.c5 Be5 36.c6 Qxa1
37.Qxa1 Bxa1 38.c7 Rf8 39.Nc5 Rc4  0-1

[Event "34th Olympiad"]
[Site "Istanbul TUR"]
[Date "2000.11.04"]
[Round "7"]
[White "Fernandes,An"]
[Black "Handoko,E"]
[Result "1/2-1/2"]
[WhiteElo "2438"]
[BlackElo "2435"]

1.d4 d5 2.c4 e6 3.Nc3 Nf6 4.Nf3 c6 5.e3 Nbd7 6.Bd3 Bd6 7.O-O O-O 8.e4 dxc4
9.Bxc4 e5 10.Bg5 Qe7 11.d5 h6 12.dxc6 bxc6 13.Bxf6 Nxf6 14.Nh4 Rd8 15.Qf3 Bc5
16.h3 Bd4 17.Rac1 Nh7 18.Nf5 Qf6 19.Nxd4 exd4 20.Qxf6 Nxf6 21.Rfd1 Bg4 22.Ne2 Bxe2
23.Bxe2 Nxe4 24.Rc4 c5 25.Bf3 f5 26.b4 cxb4 27.Rxb4 Rac8 28.Bxe4 fxe4 29.Rbxd4 Rxd4
30.Rxd4 Rc1+ 31.Kh2 Rc2 32.Ra4 Rxf2 33.Rxa7 e3 34.Re7  1/2-1/2

[Event "34th Olympiad"]
[Site "Istanbul TUR"]
[Date "2000.11.04"]
[Round "7"]
[White "Magai,V"]
[Black "Ruzele,D"]
[Result "1-0"]
[WhiteElo "2546"]
[BlackElo "2541"]

1.d4 Nf6 2.c4 e6 3.Nf3 d5 4.Nc3 c6 5.e3 Nbd7 6.Qc2 Bd6 7.Bd3 O-O 8.O-O h6
9.Rd1 Qe7 10.c5 Bb8 11.e4 e5 12.exd5 cxd5 13.Re1 Re8 14.dxe5 Nxe5 15.Nxe5 Bxe5
16.Bf4 Bxf4 17.Rxe7 Rxe7 18.Bf5 Be5 19.Re1 Bxh2+ 20.Kf1 Rxe1+ 21.Kxe1 Be5
22.f3 g6 23.Bxg6 fxg6 24.Qxg6+ Kh8 25.Nxd5 Ng8 26.Qe8 Bg3+ 27.Kd1 Kg7 28.Kc1 Bh4
29.c6  1-0

[Event "34th Olympiad"]
[Site "Istanbul TUR"]
[Date "2000.11.04"]
[Round "7"]
[White "Banikas,H"]
[Black "Kulaots,K"]
[Result "1/2-1/2"]
[WhiteElo "2542"]
[BlackElo "2491"]

1.d4 d5 2.c4 c6 3.Nf3 Nf6 4.Nc3 e6 5.e3 Nbd7 6.Qc2 Bd6 7.Bd3 O-O 8.O-O dxc4
9.Bxc4 a6 10.Rd1 b5 11.Be2 Qc7 12.e4 e5 13.g3 Re8 14.Bg5 exd4 15.Nxd4 b4
16.Nf5 Bc5 17.Na4 Nxe4 18.Nxc5 Nxg5 19.Nd6 Re5 20.Nxc8 Nxc5 21.Nd6 Nge4 22.Nxe4 Nxe4
23.Rac1  1/2-1/2

[Event "34th Olympiad"]
[Site "Istanbul TUR"]
[Date "2000.11.04"]
[Round "7"]
[White "Aleksandrov,A"]
[Black "Vallejo Pons,F"]
[Result "1/2-1/2"]
[WhiteElo "2591"]
[BlackElo "2554"]

1.d4 d5 2.c4 c6 3.Nc3 Nf6 4.e3 e6 5.Nf3 Nbd7 6.Bd3 dxc4 7.Bxc4 b5 8.Be2 Bb7
9.O-O a6 10.e4 c5 11.e5 Nd5 12.a4 b4 13.Ne4 Qc7 14.Re1 h6 15.a5 Be7 16.b3 O-O
17.Bb2 Rfd8 18.Bc4 Bf8 19.Qe2 Nf4 20.Qd2 Ng6 21.Qe2 Nf4 22.Qe3 Nd5 23.Qd2 Rac8
24.h4 cxd4 25.Qxd4 Nc3 26.Bxc3 Nc5 27.Nd6 bxc3 28.Qxc3 Bxd6 29.exd6 Rxd6
30.Be2 Qb8 31.Qe3 Bxf3 32.Qxf3 Nxb3 33.Rad1 Nxa5 34.Rb1 Qa7 35.Rb4 Rd5 36.Rg4 h5
37.Ra4 Rf5 38.Qg3 Rc2 39.Rf4 Rxf4 40.Qxf4 g6 41.Bxh5 Qc7 42.Qxc7 Rxc7 43.Be2 Rc6
44.Bf1  1/2-1/2

[Event "Chigorin Mem"]
[Site "St Petersburg RUS"]
[Date "2000.11.04"]
[Round "4"]
[White "Kulikov,A"]
[Black "Utnasunov,A"]
[Result "1-0"]
[WhiteElo "2415"]
[BlackElo "2257"]

1.d4 d5 2.c4 c6 3.Nf3 Nf6 4.Nc3 e6 5.e3 Nbd7 6.Qc2 Bd6 7.Bd3 O-O 8.O-O dxc4
9.Bxc4 e5 10.Bb3 Qe7 11.Bd2 e4 12.Ng5 Bxh2+ 13.Kxh2 Ng4+ 14.Kg1 Qxg5 15.Qxe4 Ndf6
16.Qf3 Qh6 17.Qh3 Nh5 18.Qh4 g5 19.Qh1 Qg6 20.Rac1 Ng7 21.f3 Nh6 22.g4 Be6
23.Bc2 f5 24.Rf2 Nf7 25.Ne2 Qf6 26.Bc3 Qe7 27.Ng3 Nd6 28.Qh6 Rf7 29.Re1 Kf8
30.d5 cxd5 31.Bxg7+ Rxg7 32.gxf5  1-0

[Event "Chigorin Mem"]
[Site "St Petersburg RUS"]
[Date "2000.11.04"]
[Round "4"]
[White "Bocharov,D"]
[Black "Sveshnikov,E"]
[Result "0-1"]
[WhiteElo "2438"]
[BlackElo "2555"]

1.d4 d5 2.c4 e6 3.Nf3 Nf6 4.Nc3 c6 5.e3 Nbd7 6.Bd3 dxc4 7.Bxc4 b5 8.Be2 b4
9.Na4 Bb7 10.O-O Be7 11.Bd2 O-O 12.Rc1 a5 13.Qb3 Qb8 14.Rfd1 c5 15.Nxc5 Nxc5
16.dxc5 Rc8 17.a3 Bd5 18.Bc4 Bxf3 19.gxf3 Rxc5 20.axb4 Rg5+ 21.Kf1 Qxh2 22.bxa5 Rg2
23.Be1 Nh5 24.Ke2 Bh4 25.Qb7 Rf8 26.Bxe6 fxe6 27.Rc8 Rxc8 28.Qxc8+ Kf7 29.a6 Bxf2
30.Qd7+ Kg6 31.Qe8+ Kh6 32.Qxe6+ Nf6 33.Bxf2 Rxf2+ 34.Kd3 Rxb2 35.Kd4 Ra2
36.Rh1 Ra4+ 37.Kc5 Qxh1  0-1

[Event "34th Olympiad Women"]
[Site "Istanbul TUR"]
[Date "2000.11.05"]
[Round "8"]
[White "Matveeva,S"]
[Black "Makropoulou,M"]
[Result "1-0"]
[WhiteElo "2440"]
[BlackElo "2284"]

1.d4 d5 2.c4 c6 3.Nf3 e6 4.e3 Nf6 5.Nc3 Nbd7 6.Qc2 Bd6 7.b3 O-O 8.Be2 Qe7
9.O-O e5 10.cxd5 e4 11.Nd2 cxd5 12.Nb5 Bb4 13.a3 Ba5 14.b4 Bd8 15.a4 a6 16.Nc3 Re8
17.Ba3 Qe6 18.b5 Nf8 19.f3 exf3 20.Rxf3 Bd7 21.Bd3 Qg4 22.Raf1 Qh5 23.Bd6 Rc8
24.Qb3 Ba5 25.Ndb1 Ne4 26.Bxe4 dxe4 27.Rxf7 Ne6 28.Rxd7 Kh8 29.Rdf7 h6 30.Nxe4 Qg6
31.Ng3 Ng5 32.Rf8+ Kh7 33.Qg8+  1-0

[Event "34th Olympiad Women"]
[Site "Istanbul TUR"]
[Date "2000.11.05"]
[Round "8"]
[White "Medic,Mir"]
[Black "Caoili,A"]
[Result "1-0"]
[WhiteElo "2294"]
[BlackElo "2113"]

1.d4 d5 2.c4 c6 3.Nc3 Nf6 4.e3 e6 5.Nf3 Nbd7 6.Bd3 dxc4 7.Bxc4 b5 8.Be2 Bb7
9.O-O a6 10.e4 b4 11.e5 bxc3 12.exf6 Nxf6 13.bxc3 Qc7 14.Rb1 Bd6 15.h3 O-O
16.Ne5 c5 17.Nc4 Be7 18.Bf4 Qxf4 19.Rxb7 Rfe8 20.Bf3 Rac8 21.Ne5 cxd4 22.cxd4 Nd5
23.Qa4 f6 24.Qxa6 Bf8 25.Bxd5 exd5 26.Nf3 Qf5 27.Qb5 Red8 28.Qb3 Rc4 29.Rb8 Rxb8
30.Qxb8 Ra4 31.Re1 Rb4 32.Qa8 Rb1 33.a4 Rxe1+ 34.Nxe1 Qe4 35.Nf3 Kf7 36.Qb7+ Kg8
37.a5 Bd6 38.a6 Qe2 39.Qxd5+  1-0

[Event "Chigorin Mem"]
[Site "St Petersburg RUS"]
[Date "2000.11.05"]
[Round "5"]
[White "Sherbakov,R"]
[Black "Filippov,V"]
[Result "1/2-1/2"]
[WhiteElo "2558"]
[BlackElo "2593"]

1.Nf3 d5 2.d4 Nf6 3.c4 c6 4.Nc3 e6 5.e3 Nbd7 6.Bd3 dxc4 7.Bxc4 b5 8.Be2 a6
9.e4 b4 10.e5 bxc3 11.exf6 Nxf6 12.bxc3 Bd6 13.O-O  1/2-1/2

[Event "Chigorin Mem"]
[Site "St Petersburg RUS"]
[Date "2000.11.05"]
[Round "5"]
[White "Najer,E"]
[Black "Korotylev,A"]
[Result "1/2-1/2"]
[WhiteElo "2597"]
[BlackElo "2528"]

1.d4 Nf6 2.c4 e6 3.Nf3 d5 4.Nc3 c6 5.e3 Nbd7 6.Qc2 b6 7.Bd3 Bb7 8.O-O Qc7
9.b3 Be7 10.Bb2 Rd8 11.Rad1 h6 12.Qe2 c5 13.cxd5 exd5 14.Nh4 O-O 15.Nf5 Rfe8
16.Nxe7+ Rxe7 17.Bb1 a6 18.Rc1 c4 19.a4 Qc6 20.bxc4 dxc4 21.e4 b5 22.Ba3 Ree8
23.Qb2 Qb6 24.d5  1/2-1/2

[Event "Chigorin Mem"]
[Site "St Petersburg RUS"]
[Date "2000.11.05"]
[Round "5"]
[White "Taranenko,O"]
[Black "Novitzkij,D"]
[Result "1/2-1/2"]
[WhiteElo "2195"]
[BlackElo "2347"]

1.d4 d5 2.c4 c6 3.Nc3 Nf6 4.e3 e6 5.Nf3 Nbd7 6.Qc2 Bd6 7.g4 Bb4 8.Bd2 Bxc3
9.Bxc3 Ne4 10.Bb4 Qb6 11.Qa4 c5 12.dxc5 Nxc5 13.Qa3 a5 14.Bc3 O-O 15.Rc1 Ne4
16.Bd4 Qb4+ 17.Qxb4 axb4 18.cxd5 exd5 19.Be2 Rxa2 20.O-O Nb8 21.Ne5 Nd2 22.Ra1 Rxa1
23.Rxa1 f6 24.Nd3 Nb3 25.Ra4 Nxd4 26.exd4 Nc6 27.Bf3 Be6 28.Nxb4 Nxd4 29.Bxd5 Rd8
30.Bxe6+ Nxe6 31.Na2 Rd2 32.Rb4 Nc5 33.Nc3 Rc2 34.Rb5 Nd3 35.Rxb7 Nxf2 36.Nd5 Nxg4
37.b4 Nxh2 38.b5 Nf3+ 39.Kf1 Rc5 40.Nc7 Nd4 41.b6 h5 42.Ne8 Rf5+ 43.Kg2 Rg5+
44.Kh3 Nc6 45.Rc7 Na5 46.b7 Nxb7 47.Rxb7 Kf8 48.Nd6 Re5 49.Kg3 Kg8 50.Kf4 g6
51.Rb8+ Kg7 52.Rb7+ Kg8 53.Rb8+  1/2-1/2

[Event "Chigorin Mem"]
[Site "St Petersburg RUS"]
[Date "2000.11.05"]
[Round "5"]
[White "Grebionkin,Vl"]
[Black "Purgin,N"]
[Result "1-0"]
[WhiteElo "2438"]
[BlackElo "2310"]

1.Nf3 Nf6 2.c4 c6 3.Nc3 d5 4.e3 e6 5.d4 Nbd7 6.Qc2 Bd6 7.b3 O-O 8.Bd3 e5
9.cxd5 cxd5 10.dxe5 Nxe5 11.Be2 Bg4 12.Bb2 Rc8 13.Qd2 Rxc3 14.Bxc3 Ne4 15.Qb2 d4
16.exd4 Nxf3+ 17.gxf3 Nxc3 18.Qxc3 Qe7 19.Qe3 Be6 20.Bc4 Bb4+ 21.Kd1 Qf6
22.Bxe6 fxe6 23.Ke2 e5 24.dxe5 Qf5 25.Qe4  1-0

[Event "Chigorin Mem"]
[Site "St Petersburg RUS"]
[Date "2000.11.05"]
[Round "5"]
[White "Chuprov,D"]
[Black "Kotov,Vi"]
[Result "1/2-1/2"]
[WhiteElo "2424"]
[BlackElo "2099"]

1.d4 d5 2.c4 c6 3.Nc3 Nf6 4.e3 e6 5.Nf3 Nbd7 6.Bd3 dxc4 7.Bxc4 b5 8.Bd3 a6
9.O-O c5 10.a3 Bb7 11.Qe2 Be7 12.Rd1 Qc7 13.Bd2 O-O 14.Rac1 Qb6 15.Be1 Rfd8
16.Bb1 Rac8 17.Ng5 cxd4 18.exd4 h6 19.Nf3 Nd5 20.Bd2 N7f6 21.Ne4 Rxc1 22.Rxc1 Nxe4
23.Qxe4 Nf6 24.Qe1 Rc8 25.Rxc8+ Bxc8 26.Bb4 Bxb4 27.Qxb4 Bb7 28.Ne5 Qd8 29.f3 Qc8
30.Qc5 Nd7 31.Qxc8+ Bxc8 32.Kf2 Kf8 33.Be4 Ke7 34.Ke3 f6 35.Nc6+ Kd6 36.Na7 Kc7
37.Nxc8 Kxc8 38.d5 e5 39.Bc2 Kc7 40.Ke4 Kd6 41.Kf5 Nf8 42.Bb3 Ke7 43.f4 g6+
44.Ke4 exf4 45.Kxf4 Nd7 46.Ke3 Kd6 47.Kd4 f5 48.h4 Nf6 49.Bc2 Nh5 50.Bd1 Nf4
51.Bf3 g5 52.hxg5 hxg5 53.g3 Ng6 54.Be2 Ne5 55.a4 bxa4 56.Bxa6  1/2-1/2

[Event "34th Olympiad Women"]
[Site "Istanbul TUR"]
[Date "2000.11.06"]
[Round "9"]
[White "Matveeva,S"]
[Black "Wang Lei"]
[Result "1-0"]
[WhiteElo "2440"]
[BlackElo "2498"]

1.d4 d5 2.c4 e6 3.Nf3 c6 4.e3 Nf6 5.Nc3 Nbd7 6.Qc2 Bd6 7.b3 O-O 8.Be2 e5
9.cxd5 cxd5 10.Nb5 Bb4+ 11.Bd2 Bxd2+ 12.Nxd2 a6 13.dxe5 Nxe5 14.Nd4 Bd7 15.Rd1 Rc8
16.Qb1 Qe7 17.O-O Rc7 18.Rc1 Rfc8 19.Rxc7 Rxc7 20.h3 g6 21.Rc1 Qd6 22.Qb2 Ne4
23.N2f3 Rxc1+ 24.Qxc1 Nc6 25.Bd3 Qc5 26.Qa1 Qc3 27.Qxc3 Nxc3 28.a3 Nxd4 29.Nxd4 Ne4
30.Kf1 Kf8 31.Ke2 Ke7 32.b4 Ng5 33.Kd2 Ne4+ 34.Ke2 Ng5 35.h4 Ne6 36.Nf3 Nc7
37.Kd2 Bb5 38.Bc2 Bf1 39.g3 Nb5 40.a4 Nd6 41.Kc3 Bg2 42.Nd2 Ne8 43.Kd4 Kd6
44.e4 Nc7 45.e5+ Kc6 46.Nb3 b6 47.Ke3 Bf1 48.Nd4+ Kd7 49.h5 Bh3 50.h6 Ke7
51.f4 Bd7 52.a5 bxa5 53.bxa5 f5 54.g4 fxg4 55.Bxg6  1-0